Gibbon of Christianity (Record no. 366452)

000 -LEADER
fixed length control field 00371cam a22001217a 4500
008 - FIXED-LENGTH DATA ELEMENTS--GENERAL INFORMATION
fixed length control field 180718b1930 xxu||||| |||| 00| 0 eng d
082 ## - DEWEY DECIMAL CLASSIFICATION NUMBER
Classification number AB2 G352
100 ## - MAIN ENTRY--PERSONAL NAME
Personal name Gibbon, Edward
245 ## - TITLE STATEMENT
Title Gibbon of Christianity
Statement of responsibility, etc. by Edward Gibbon
260 ## - PUBLICATION, DISTRIBUTION, ETC.
Place of publication, distribution, etc. London
Name of publisher, distributor, etc. Watts
Date of publication, distribution, etc. 1930
500 ## - GENERAL NOTE
General note 15th & 16th chapters of his "Decline and fall of the Roman Empire."
650 ## - SUBJECT ADDED ENTRY--TOPICAL TERM
Topical term or geographic name entry element Christianity
Holdings
Withdrawn status Lost status Damaged status Not for loan Permanent Location Current Location Date acquired Full call number Barcode Date last seen Price effective from Koha item type
        Indian Institute of Public Administration Indian Institute of Public Administration 2010-02-02 AB2 G352 A1197 2018-07-21 2018-07-21 A

Powered by Koha